00538 2200217 4500001002100000005001500021020002200036035002000058082001200078084001800090100001300108245005900121250000600180260003700186300003400223600001500257990001200272990001200284990001200296990001200308INLIS00000000000333420260130105818 a978-979-28-1576-4 a0010-0126000003 a530.071 a530.071 PUJ b0 aPujianto1 aBuku Siswa Fisika Kelas XI :bKurukulim 13 /cPujianto a2 aJakarta :bIntan Pariwara,c2016 a250 hlm :bIlust ;c17.6 x 25 4aBuku Siswa a0733266 a0733274 a0733276 a0733277